000 01668cam a22004814i 4500
003 PE-LiUPU
005 20250731173018.0
008 150623s r 000 0 d
020 _a0830819258
035 _a(Sirsi) i9780830819256
040 _aPE-LiUPU
_bspa
_cPE-LiUPU
_erda
049 _aPRUA
082 0 4 _a232.903
_bB31
_221
100 1 _aBeck, James R.,
_eautor.
245 1 0 _aJesus and personality theory :
_bexploring the five-factor model /
_cJames R. Beck.
264 1 _aDowners Grove, Illinois :
_bInterVarsity Press,
_c1999.
300 _a276 páginas ;
_c21 centímetros
336 _atext
_2rdacontent
337 _aunmediated
_2rdamedia
338 _avolume
_2rdacarrier
504 _aIncluye bibliografía.
505 0 _aOpenness to experience. -Conscientiousness. -Extraversion. -Agreableness. -Neuroticism.
526 _aSEG42
526 _aSEG41
526 _aSEG40
526 _aSEG39
526 _aP94
526 _aP87
526 _aP86
526 _aP85
526 _aP77
526 _aP76
526 _aP35
600 1 _aJesucristo
_xMétodos de orientación
630 _aBiblia.
_pN.T.
_pEvangelios
_xCrítica, interpretación, etc.
650 0 4 _aConsejería pastoral
_xEnseñanza Bíblica.
942 _2ddc
_cBOOK
949 _a232.903 B31
_wDEWEY
_c1
_i47373
_lCCODEBUL1
_mBUL
_r0
_sY
_tBOOK
_u2015-6-24
_xTEOLOGIA
_PP35
_0COMPRA
_o.STAFF. Colección General
994 _aC0
_bPEPRU
596 _a1
999 _a232.903 B31
_wDEWEY
_c23927
_i47373
_f2021-11-10
_g5
_lCCODEBUL1
_mBUL
_r0
_sY
_tBOOK
_u2015-6-24
_xTEOLOGIA
_PP35
_0COMPRA
_o.STAFF. Colección General
_d23927
980 _81
_gALBERTO SANCHEZ Responsable de Automatización